[Event "XI Torneo Internazionale"]
[Site "Montecatini Terme ITA"]
[Date "2004.11.07"]
[Round "2"]
[White "Sciortino, Massimo"]
[Black "Bontempi, Piero"]
[Result "0-1"]
[WhiteElo "2222"]
[BlackElo "2334"]
[PlyCount "44"]
[EventDate "2004.11.06"]

1. e4 c5 2. Nf3 d6 3. d4 cxd4 4. Nxd4 Nf6 5. Nc3 g6 6. Be3 Bg7 7. Be2 O-O 8. h4
Nc6 9. h5 Nxd4 10. Bxd4 Be6 11. hxg6 fxg6 12. Qd2 Qa5 13. O-O-O Bxa2 14. Nxa2
Qxa2 15. b3 Rac8 16. Bxf6 Bxf6 17. Bc4+ Rxc4 18. Qd5+ Kg7 19. bxc4 Bc3 20.
Rxh7+ Kxh7 21. Rh1+ Kg7 22. Qxb7 Qa3+ 0-1

[Event "XI Torneo Internazionale"]
[Site "Montecatini Terme ITA"]
[Date "2004.11.07"]
[Round "2"]
[White "Tocchioni, Doriano"]
[Black "Sozzi, Stefano"]
[Result "1-0"]
[WhiteElo "2274"]
[BlackElo "1521"]
[PlyCount "63"]
[EventDate "2004.11.06"]

1. d4 Nf6 2. Nf3 e6 3. Bg5 d5 4. Nbd2 Be7 5. e3 b6 6. Ne5 Bb7 7. Bb5+ c6 8. Bd3
Nbd7 9. f4 a6 10. O-O c5 11. f5 Qc7 12. fxe6 fxe6 13. Bf4 Bd6 14. Ndf3 c4 15.
Be2 Ne4 16. Nxd7 Bxf4 17. exf4 Kxd7 18. Ne5+ Kd6 19. Bf3 Rhf8 20. Bxe4 dxe4 21.
Qe1 a5 22. Qg3 Rf5 23. Qa3+ Kd5 24. Rae1 b5 25. Rxe4 b4 26. Qg3 Kd6 27. Ree1
Bd5 28. Ng4 Kc6 29. Ne3 Be4 30. Nxc4 Bxc2 31. Rc1 Be4 32. Ne5+ 1-0

[Event "XI Torneo Internazionale"]
[Site "Montecatini Terme ITA"]
[Date "2004.11.08"]
[Round "3"]
[White "Bontempi, Piero"]
[Black "Di Caro, Calogero"]
[Result "1-0"]
[WhiteElo "2334"]
[BlackElo "2317"]
[PlyCount "73"]
[EventDate "2004.11.06"]

1. e4 e6 2. d4 d5 3. Bd3 c5 4. c3 Nc6 5. Nf3 dxe4 6. Bxe4 Nf6 7. Bd3 cxd4 8.
cxd4 Be7 9. Nc3 O-O 10. O-O Qd6 11. Nb5 Qb8 12. Qe2 a6 13. Nc3 Rd8 14. Rd1 b5
15. Bg5 Nb4 16. Bb1 Bb7 17. Ne5 h6 18. Bf4 Qa7 19. Qe3 Nbd5 20. Nxd5 Nxd5 21.
Qd3 Nf6 22. Bxh6 gxh6 23. Qg3+ Kf8 24. Qf4 Ke8 25. Bc2 Rac8 26. Rac1 Qb8 27.
Qxh6 Rxc2 28. Qh8+ Bf8 29. Qxf6 Rc7 30. h4 Rxd4 31. Rxd4 Rxc1+ 32. Kh2 Rc7 33.
h5 Re7 34. h6 Bxh6 35. Rh4 Bf8 36. Rh8 Rd7 37. Rxf8+ 1-0

[Event "XI Torneo Internazionale"]
[Site "Montecatini Terme ITA"]
[Date "2004.11.08"]
[Round "3"]
[White "Castaldo, Folco"]
[Black "Mrdja, Milan"]
[Result "1/2-1/2"]
[WhiteElo "2361"]
[BlackElo "2420"]
[PlyCount "101"]
[EventDate "2004.11.06"]

1. e4 e6 2. d4 d5 3. Nd2 Nc6 4. Ngf3 g6 5. e5 Nh6 6. c3 f6 7. Bb5 Nf7 8. Qe2
Bd7 9. O-O a6 10. Bxc6 Bxc6 11. exf6 Qxf6 12. Re1 Bd7 13. a4 Bd6 14. b4 O-O 15.
Ne5 Bxe5 16. dxe5 Qg7 17. Nb3 g5 18. Nc5 Bc8 19. Nd3 Bd7 20. f4 Rae8 21. b5
axb5 22. Ba3 bxa4 23. Bxf8 Qxf8 24. Qg4 Bb5 25. Re3 Kh8 26. Rae1 Qg7 27. Nc5
Nh6 28. Qxg5 b6 29. Nd3 Nf5 30. Qxg7+ Kxg7 31. Rf3 h5 32. Nf2 Bc4 33. g3 b5 34.
h3 Kf7 35. g4 Nh4 36. Rg3 c5 37. gxh5 a3 38. Ra1 Ra8 39. Kh2 Nf5 40. Rg6 b4 41.
cxb4 cxb4 42. Ng4 a2 43. Nh6+ Nxh6 44. Rxh6 Rg8 45. Rh7+ Rg7 46. Rh8 b3 47. Rb8
Rg8 48. Rb7+ Kf8 49. h6 Rh8 50. Rg1 Rxh6 51. Rb8+ 1/2-1/2

[Event "XI Torneo Internazionale"]
[Site "Montecatini Terme ITA"]
[Date "2004.11.08"]
[Round "3"]
[White "De Santis, Alessio"]
[Black "Sciortino, Massimo"]
[Result "1-0"]
[WhiteElo "2268"]
[BlackElo "2222"]
[PlyCount "135"]
[EventDate "2004.11.06"]

1. Nf3 d6 2. d4 Nf6 3. Nbd2 g6 4. e4 Bg7 5. Bd3 O-O 6. c3 Nbd7 7. O-O e5 8.
dxe5 dxe5 9. Qc2 Nh5 10. Re1 Nf4 11. Bf1 Nc5 12. Nc4 Re8 13. Ncxe5 Nxg2 14.
Bxg2 Bxe5 15. Nxe5 Rxe5 16. Bf4 Re8 17. Rad1 Qe7 18. Re3 Bg4 19. Rde1 Rad8 20.
b4 Ne6 21. Bg3 c5 22. a3 Qd7 23. f3 Bh5 24. f4 cxb4 25. axb4 b5 26. Qa2 Qd2 27.
Qxd2 Rxd2 28. Bf1 a6 29. Ra1 Nc7 30. f5 Nd5 31. exd5 Rxe3 32. Bf4 Red3 33. Bxd3
Rxd3 34. d6 Bg4 35. Rxa6 Bxf5 36. Ra8+ Kg7 37. Be5+ Kh6 38. Bd4 Rf3 39. h4 Kh5
40. Ra7 Kxh4 41. d7 Bxd7 42. Rxd7 Kg4 43. Rb7 Rf5 44. Bc5 Rf3 45. Rxb5 Rxc3 46.
Rb7 Rg3+ 47. Kf2 Rf3+ 48. Ke2 h5 49. Rd7 Rb3 50. Rxf7 h4 51. Rh7 h3 52. Bd6 Kf5
53. Kd2 Ke6 54. Kc2 Rf3 55. Bc7 g5 56. b5 Kd5 57. Rh5 Rf2+ 58. Kc3 h2 59. Bxh2
Rg2 60. Kb4 Rb2+ 61. Ka5 Kc4 62. Rxg5 Rxh2 63. Ka6 Rh6+ 64. b6 Kb4 65. Ka7 Rh1
66. b7 Ra1+ 67. Kb6 Rh1 68. b8=Q 1-0

[Event "XI Torneo Internazionale"]
[Site "Montecatini Terme ITA"]
[Date "2004.11.08"]
[Round "3"]
[White "Miladinovic, Igor"]
[Black "Tocchioni, Doriano"]
[Result "0-1"]
[WhiteElo "2611"]
[BlackElo "2274"]
[PlyCount "82"]
[EventDate "2004.11.06"]

1. d4 Nf6 2. Bg5 d5 3. Bxf6 gxf6 4. c4 c6 5. e3 e6 6. Nc3 Bd6 7. Rc1 a6 8. Bd3
f5 9. Nge2 Nd7 10. Nf4 Nf6 11. a3 b5 12. c5 Bb8 13. Nh5 Ng4 14. g3 Qg5 15. Nf4
Ra7 16. Be2 Re7 17. h4 Qg7 18. Nh5 Qh6 19. Bxg4 fxg4 20. Qxg4 Kd8 21. Ne2 e5
22. Qg5 Qf8 23. Qf6 Bg4 24. Qxc6 Bxh5 25. Qa8 Kc7 26. Nc3 Bf3 27. Qxa6 Bxh1 28.
Nxb5+ Kd8 29. Qa8 Kd7 30. Qb7+ Ke6 31. Qc6+ Kf5 32. g4+ Kxg4 33. Qf6 Rg8 34.
Ke2 Bg2 35. Rg1 Kh3 36. h5 Re6 37. Qf5+ Kh2 38. Nc3 Kxg1 39. Kd2 exd4 40. Ne2+
Kh2 41. Nxd4 Be4 0-1

[Event "XI Torneo Internazionale"]
[Site "Montecatini Terme ITA"]
[Date "2004.11.08"]
[Round "3"]
[White "Sozzi, Stefano"]
[Black "Kaps, Darja"]
[Result "0-1"]
[WhiteElo "1521"]
[BlackElo "2236"]
[PlyCount "66"]
[EventDate "2004.11.06"]

1. e4 c5 2. Nf3 Nc6 3. d4 cxd4 4. Nxd4 Qc7 5. Be3 e6 6. Be2 Nf6 7. Nd2 h5 8. f4
Nxd4 9. Bxd4 Qxf4 10. Bf3 e5 11. Bf2 Ng4 12. Bg3 Qe3+ 13. Qe2 Qxe2+ 14. Kxe2 d6
15. h3 Nf6 16. Raf1 h4 17. Bh2 Be6 18. Kd1 Rc8 19. Kc1 Be7 20. Re1 Nd7 21. Kb1
O-O 22. g4 Bg5 23. Nf1 Rc6 24. Bg1 Bf4 25. Bf2 Rfc8 26. Bd1 Nc5 27. Bxh4 Nd3
28. Re2 Nc1 29. Rf2 Bxa2+ 30. Ka1 Ra6 31. Rf3 Nb3+ 32. Rxb3 Bxb3+ 33. Kb1 Ba2+
0-1

[Event "XI Torneo Internazionale"]
[Site "Montecatini Terme ITA"]
[Date "2004.11.09"]
[Round "4"]
[White "Di Caro, Calogero"]
[Black "De Santis, Alessio"]
[Result "1/2-1/2"]
[WhiteElo "2317"]
[BlackElo "2268"]
[PlyCount "69"]
[EventDate "2004.11.06"]

1. g3 f5 2. Bg2 Nf6 3. c4 d6 4. Nc3 g6 5. d3 Bg7 6. e4 c6 7. Nge2 O-O 8. O-O a5
9. h3 Na6 10. Be3 fxe4 11. dxe4 Be6 12. b3 Nd7 13. Bd4 Bf7 14. Bxg7 Kxg7 15. f4
Qb6+ 16. Kh2 Nac5 17. Rb1 Qc7 18. Qd2 Rad8 19. Nd1 Nf6 20. Qc2 e5 21. f5 d5 22.
cxd5 cxd5 23. Rc1 b6 24. exd5 Nxd5 25. Nec3 Nb4 26. Qe2 gxf5 27. Rxf5 Nbd3 28.
Qg4+ Bg6 29. Rxf8 Rxf8 30. Nd5 Qd8 31. Ra1 Nf2 32. Qe2 Nfd3 33. Qg4 Nf2 34. Qe2
Nfd3 35. Qg4 1/2-1/2

[Event "XI Torneo Internazionale"]
[Site "Montecatini Terme ITA"]
[Date "2004.11.09"]
[Round "4"]
[White "Djuric, Stefan"]
[Black "Tocchioni, Doriano"]
[Result "1-0"]
[WhiteElo "2479"]
[BlackElo "2274"]
[PlyCount "69"]
[EventDate "2004.11.06"]

1. d4 d5 2. Nf3 Nf6 3. c4 e6 4. Nc3 c6 5. e3 Nbd7 6. Bd3 Bd6 7. O-O h6 8. e4
dxe4 9. Nxe4 Nxe4 10. Bxe4 O-O 11. Bc2 c5 12. dxc5 Bxc5 13. Bf4 Qe7 14. Qd3 Nf6
15. Rad1 b5 16. cxb5 Bb7 17. Ne5 Rfd8 18. Qe2 Nd5 19. Bg3 Rac8 20. Bb3 Qg5 21.
Qf3 Qe7 22. Nc6 Bxc6 23. bxc6 Rxc6 24. Bxd5 exd5 25. Rxd5 Rxd5 26. Qxd5 Re6 27.
a3 Re2 28. h4 Rxb2 29. Rc1 Rb5 30. Kh2 Ra5 31. Rc4 Bb6 32. Rc8+ Kh7 33. Qd3+ g6
34. Qc3 Bd8 35. Qd4 1-0

[Event "XI Torneo Internazionale"]
[Site "Montecatini Terme ITA"]
[Date "2004.11.09"]
[Round "4"]
[White "Kaps, Darja"]
[Black "Miladinovic, Igor"]
[Result "1/2-1/2"]
[WhiteElo "2236"]
[BlackElo "2611"]
[PlyCount "34"]
[EventDate "2004.11.06"]

1. e4 c5 2. Nf3 Nc6 3. d4 cxd4 4. Nxd4 Qc7 5. Nc3 e6 6. Be2 a6 7. O-O Nf6 8.
Be3 Bb4 9. Na4 Be7 10. Nxc6 bxc6 11. Nb6 Rb8 12. Nxc8 Qxc8 13. Bd4 Nxe4 14.
Bxg7 Rg8 15. Be5 d6 16. Bd3 dxe5 17. Bxe4 Rb4 1/2-1/2

[Event "XI Torneo Internazionale"]
[Site "Montecatini Terme ITA"]
[Date "2004.11.09"]
[Round "4"]
[White "Mrdja, Milan"]
[Black "Bontempi, Piero"]
[Result "1-0"]
[WhiteElo "2420"]
[BlackElo "2334"]
[PlyCount "103"]
[EventDate "2004.11.06"]

1. e4 c5 2. Nf3 d6 3. c3 Nf6 4. Bd3 Bg4 5. h3 Bxf3 6. Qxf3 Nc6 7. Qe2 g6 8. Bc2
Bg7 9. O-O O-O 10. f4 Rb8 11. a4 a6 12. Na3 Qc7 13. b3 Nh5 14. Qe1 b5 15. Bd1
Nf6 16. Nc2 e6 17. axb5 axb5 18. Rb1 b4 19. Bf3 bxc3 20. dxc3 d5 21. e5 Nd7 22.
Be3 Na5 23. Na1 Rb6 24. c4 d4 25. Qxa5 dxe3 26. Rbd1 Rfb8 27. Rd3 f6 28. exf6
Bxf6 29. Nc2 Nf8 30. Nxe3 Bd4 31. Bd1 e5 32. f5 R6b7 33. Qd2 Rd8 34. Bf3 Rb6
35. Kh1 Qb8 36. Nd5 Rxb3 37. Ne7+ Kh8 38. Nc6 Rxd3 39. Qxd3 Qd6 40. Nxd8 Qxd8
41. fxg6 Nxg6 42. Be4 Nf4 43. Qf3 Qh4 44. Bf5 Qg5 45. Qa8+ Qg8 46. Qxg8+ Kxg8
47. g3 Ne2 48. Kg2 Kg7 49. Kf3 Nc3 50. Ra1 h6 51. Ra7+ Kf6 52. Bd3 1-0

[Event "XI Torneo Internazionale"]
[Site "Montecatini Terme ITA"]
[Date "2004.11.09"]
[Round "4"]
[White "Naumkin, Igor"]
[Black "Castaldo, Folco"]
[Result "1/2-1/2"]
[WhiteElo "2479"]
[BlackElo "2361"]
[PlyCount "20"]
[EventDate "2004.11.06"]

1. d4 d5 2. c4 c6 3. Nf3 Nf6 4. Nc3 a6 5. cxd5 cxd5 6. Bf4 Nc6 7. e3 Bg4 8. Be2
e6 9. O-O Bd6 10. Bxd6 Qxd6 1/2-1/2

[Event "XI Torneo Internazionale"]
[Site "Montecatini Terme ITA"]
[Date "2004.11.09"]
[Round "4"]
[White "Sciortino, Massimo"]
[Black "Sozzi, Stefano"]
[Result "1-0"]
[WhiteElo "2222"]
[BlackElo "1521"]
[PlyCount "73"]
[EventDate "2004.11.06"]

1. e4 Nc6 2. Nc3 e6 3. d4 d5 4. e5 a6 5. Nf3 Bb4 6. Bd3 Nge7 7. O-O Bxc3 8.
bxc3 Ng6 9. Ba3 Nce7 10. Re1 c6 11. h4 Nf4 12. Bf1 h6 13. Qd2 g5 14. g3 Nfg6
15. hxg5 hxg5 16. Nxg5 Nf5 17. Bd3 Rh5 18. Bc1 Nh6 19. Be2 Rxg5 20. Qxg5 Qxg5
21. Bxg5 Nf5 22. a4 Kd7 23. a5 Kc7 24. Rab1 Bd7 25. Kg2 Rg8 26. Rh1 Nf8 27. Bc1
Be8 28. Ba3 Nd7 29. Bd3 f6 30. Bxf5 exf5 31. Bd6+ Kc8 32. e6 Nb8 33. Rh7 Bd7
34. Bxb8 Kxb8 35. exd7 Rd8 36. Re1 Kc7 37. Ree7 1-0

[Event "XI Torneo Internazionale"]
[Site "Montecatini Terme ITA"]
[Date "2004.11.09"]
[Round "5"]
[White "Bontempi, Piero"]
[Black "Naumkin, Igor"]
[Result "1/2-1/2"]
[WhiteElo "2334"]
[BlackElo "2479"]
[PlyCount "89"]
[EventDate "2004.11.06"]

1. e4 e5 2. Nf3 Nc6 3. d4 exd4 4. Nxd4 Bc5 5. Be3 Qf6 6. Nb5 Bxe3 7. fxe3 Qh4+
8. g3 Qd8 9. Qg4 Kf8 10. Qf4 d6 11. N1c3 Nf6 12. O-O-O a6 13. Nd4 Ne5 14. Be2
Ng6 15. Qf2 b5 16. Rhf1 Bh3 17. g4 Bxf1 18. Rxf1 c5 19. Nc6 Qe8 20. g5 Nd7 21.
Nd5 Nde5 22. Nxe5 Nxe5 23. Nc7 Qc8 24. Nxa8 Qxa8 25. Qf5 Ke7 26. h4 Qc8 27. Qf4
h6 28. h5 Qe6 29. Kb1 f6 30. gxf6+ Qxf6 31. Qg3 Qg5 32. Qf2 g6 33. hxg6 Qxg6
34. a4 c4 35. Rg1 Qf6 36. Qe1 bxa4 37. Qa5 Nd7 38. Bxc4 Rb8 39. b3 axb3 40.
Bxb3 Rb6 41. Qd5 Rb5 42. e5 Nxe5 43. Qg8 d5 44. Qc8 Nd7 45. Rg8 1/2-1/2

[Event "XI Torneo Internazionale"]
[Site "Montecatini Terme ITA"]
[Date "2004.11.09"]
[Round "5"]
[White "Miladinovic, Igor"]
[Black "Sciortino, Massimo"]
[Result "1/2-1/2"]
[WhiteElo "2611"]
[BlackElo "2222"]
[PlyCount "54"]
[EventDate "2004.11.06"]

1. d4 d6 2. e4 g6 3. Nc3 Bg7 4. Be3 a6 5. Qd2 b5 6. f3 Bb7 7. h4 h5 8. Nh3 Nd7
9. O-O-O Rc8 10. Ng5 c5 11. Ne2 Nb6 12. Ng3 cxd4 13. Bxd4 Bxd4 14. Qxd4 Nf6 15.
Bd3 O-O 16. Rhe1 e5 17. Qf2 Qc7 18. Kb1 Rfd8 19. f4 Ng4 20. Qf3 Nh2 21. Qf2 Ng4
22. Qf3 Nh2 23. Qe3 Ng4 24. Qd2 d5 25. f5 Nc4 26. Qe2 Nxb2 27. Kxb2 Qc3+
1/2-1/2

[Event "XI Torneo Internazionale"]
[Site "Montecatini Terme ITA"]
[Date "2004.11.09"]
[Round "5"]
[White "Sozzi, Stefano"]
[Black "Di Caro, Calogero"]
[Result "0-1"]
[WhiteElo "1521"]
[BlackElo "2317"]
[PlyCount "34"]
[EventDate "2004.11.06"]

1. e4 e6 2. d4 d5 3. e5 c5 4. Nf3 Nc6 5. c3 Qb6 6. Bd3 cxd4 7. cxd4 Bd7 8. Be2
Nge7 9. b3 Nf5 10. Bb2 Bb4+ 11. Kf1 O-O 12. h4 f6 13. g4 Nh6 14. g5 Nf5 15.
gxf6 gxf6 16. exf6 Rxf6 17. Ne5 Ne3+ 0-1

[Event "XI Torneo Internazionale"]
[Site "Montecatini Terme ITA"]
[Date "2004.11.09"]
[Round "5"]
[White "Tocchioni, Doriano"]
[Black "Kaps, Darja"]
[Result "1/2-1/2"]
[WhiteElo "2274"]
[BlackElo "2236"]
[PlyCount "84"]
[EventDate "2004.11.06"]

1. Nf3 d5 2. g3 Nc6 3. d4 Bf5 4. Bg2 Qd7 5. Bf4 f6 6. h4 O-O-O 7. Na3 a6 8. c3
Nh6 9. b4 e5 10. Bd2 Nf7 11. Qb3 Nd6 12. O-O Ne4 13. Be3 exd4 14. Nxd4 Nxd4 15.
cxd4 g5 16. h5 Bh3 17. Rfc1 Bxg2 18. Kxg2 Qg4 19. b5 Bd6 20. bxa6 bxa6 21. Rab1
Nxg3 22. fxg3 Qxg3+ 23. Kf1 Rde8 24. Bf2 Qh2 25. Qb7+ Kd8 26. Qxd5 Qh3+ 27. Kg1
Qh2+ 28. Kf1 Qh3+ 29. Ke1 Qxa3 30. Qf5 Ke7 31. d5 Kf7 32. Bd4 Qg3+ 33. Kf1 Qf4+
34. Qxf4 gxf4 35. Rc6 Rb8 36. Rbc1 Rhd8 37. Rxa6 Rb5 38. Ra7 Rxd5 39. Bb6 Rxh5
40. Bxc7 Rd7 41. Rc6 Bc5 42. Bb6 Rxa7 1/2-1/2

[Event "XI Torneo Internazionale"]
[Site "Montecatini Terme ITA"]
[Date "2004.11.10"]
[Round "6"]
[White "Castaldo, Folco"]
[Black "Bontempi, Piero"]
[Result "1/2-1/2"]
[WhiteElo "2361"]
[BlackElo "2334"]
[PlyCount "105"]
[EventDate "2004.11.06"]

1. e4 c5 2. Nf3 d6 3. d4 Nf6 4. Nc3 cxd4 5. Nxd4 g6 6. g3 Nc6 7. Nde2 Bg7 8.
Bg2 O-O 9. h3 Rb8 10. a4 a6 11. O-O b5 12. axb5 axb5 13. Bg5 h6 14. Be3 b4 15.
Nd5 Nd7 16. Ra2 e6 17. Ndf4 b3 18. cxb3 Nc5 19. Qd2 Nxb3 20. Qc2 Nba5 21. Nd3
Ba6 22. Nec1 Bb5 23. b3 Qe7 24. e5 Rfc8 25. Qd2 Bxd3 26. exd6 Qxd6 27. Qxd3
Qxd3 28. Nxd3 Nxb3 29. Rb1 Nbd4 30. Rxb8 Rxb8 31. h4 h5 32. Bxd4 Nxd4 33. Ra8
Rxa8 34. Bxa8 Kf8 35. f4 Ke7 36. Kf2 Kd6 37. Be4 Nb5 38. Bf3 Bd4+ 39. Kg2 f5
40. Bd1 Nc3 41. Bb3 Ne4 42. Ba4 Ke7 43. Kf3 Kf6 44. Bc6 Nd2+ 45. Ke2 Nc4 46.
Kf3 Nd6 47. Ba4 e5 48. fxe5+ Bxe5 49. Nc5 Ne4 50. Nxe4+ fxe4+ 51. Kxe4 Bxg3 52.
Bd1 Bxh4 53. Bxh5 1/2-1/2

[Event "XI Torneo Internazionale"]
[Site "Montecatini Terme ITA"]
[Date "2004.11.10"]
[Round "6"]
[White "Di Caro, Calogero"]
[Black "Miladinovic, Igor"]
[Result "1/2-1/2"]
[WhiteElo "2317"]
[BlackElo "2611"]
[PlyCount "100"]
[EventDate "2004.11.06"]

1. Nf3 d5 2. d4 Bf5 3. c4 e6 4. Nc3 Nc6 5. Bf4 Nf6 6. e3 a6 7. cxd5 Nxd5 8. Bg3
Bb4 9. Qc1 Rc8 10. Be2 h5 11. h3 g5 12. a3 Nxc3 13. bxc3 Bd6 14. Bxd6 cxd6 15.
e4 Bxe4 16. Nxg5 Bf5 17. Qe3 Ne7 18. Bf3 Qa5 19. Rc1 Nd5 20. Bxd5 Qxd5 21. O-O
b5 22. a4 Rg8 23. f3 Ke7 24. h4 Rc7 25. axb5 axb5 26. Ne4 Qa2 27. Rf2 Qa3 28.
Qf4 Rg6 29. Rcc2 Rd7 30. Ra2 Qb3 31. Rab2 Qd5 32. Rb4 Qc6 33. Rb3 Kf8 34. Ng3
Bd3 35. Ra3 e5 36. dxe5 dxe5 37. Qxe5 Re7 38. Qd4 Rxg3 39. Qxd3 Re1+ 40. Rf1
Qc5+ 41. Kh2 Rxf1 42. Ra8+ Kg7 43. Qxf1 Rg6 44. Re8 Qc7+ 45. Kg1 Qc5+ 46. Kh1
Qxc3 47. Qxb5 Qc1+ 48. Kh2 Qf4+ 49. Kg1 Qxf3 50. Qe5+ Qf6 1/2-1/2

[Event "XI Torneo Internazionale"]
[Site "Montecatini Terme ITA"]
[Date "2004.11.10"]
[Round "6"]
[White "Djuric, Stefan"]
[Black "Kaps, Darja"]
[Result "1/2-1/2"]
[WhiteElo "2479"]
[BlackElo "2236"]
[PlyCount "30"]
[EventDate "2004.11.06"]

1. e4 c5 2. Nf3 Nc6 3. Bb5 e6 4. O-O Nge7 5. b3 Nd4 6. Nxd4 cxd4 7. Bb2 a6 8.
Bd3 Nc6 9. c3 Bc5 10. cxd4 Nxd4 11. Kh1 d6 12. f4 O-O 13. Nc3 Bd7 14. Ne2 Nxe2
15. Qxe2 Qb6 1/2-1/2

[Event "XI Torneo Internazionale"]
[Site "Montecatini Terme ITA"]
[Date "2004.11.10"]
[Round "6"]
[White "Mrdja, Milan"]
[Black "Sozzi, Stefano"]
[Result "1-0"]
[WhiteElo "2420"]
[BlackElo "1521"]
[PlyCount "59"]
[EventDate "2004.11.06"]

1. e4 e5 2. Nf3 Nc6 3. Bb5 a6 4. Ba4 Nf6 5. Qe2 b5 6. Bb3 Bc5 7. c3 Bb7 8. d3
d6 9. a4 Bb6 10. Na3 Na5 11. Bc2 bxa4 12. Bxa4+ Nc6 13. Nc4 Nd7 14. O-O Ba7 15.
Kh1 O-O 16. Bxc6 Bxc6 17. Na5 Nb8 18. Nxc6 Nxc6 19. Rxa6 Qd7 20. Ra1 Rfb8 21.
b4 Nd8 22. Be3 Bxe3 23. fxe3 Qc6 24. Qd2 Ra4 25. Rxa4 Qxa4 26. d4 f6 27. dxe5
fxe5 28. Nxe5 Qb5 29. Qf2 Qe8 30. Nd7 1-0

[Event "XI Torneo Internazionale"]
[Site "Montecatini Terme ITA"]
[Date "2004.11.10"]
[Round "6"]
[White "Naumkin, Igor"]
[Black "De Santis, Alessio"]
[Result "0-1"]
[WhiteElo "2479"]
[BlackElo "2268"]
[PlyCount "48"]
[EventDate "2004.11.06"]

1. d4 f5 2. g3 Nf6 3. Bg2 g6 4. Nf3 Bg7 5. O-O O-O 6. c4 d6 7. Nc3 Qe8 8. d5 a5
9. Ne1 e5 10. dxe6 c6 11. Qxd6 Bxe6 12. c5 Na6 13. Nd3 Rd8 14. Qf4 Qe7 15. Be3
Ng4 16. Qg5 Bf6 17. Qf4 Bg7 18. Qg5 Bf6 19. Qf4 g5 20. Qa4 Nxe3 21. fxe3 Nxc5
22. Qxa5 Nxd3 23. exd3 Ra8 24. Qb6 Ra6 0-1

[Event "XI Torneo Internazionale"]
[Site "Montecatini Terme ITA"]
[Date "2004.11.10"]
[Round "6"]
[White "Sciortino, Massimo"]
[Black "Tocchioni, Doriano"]
[Result "1/2-1/2"]
[WhiteElo "2222"]
[BlackElo "2274"]
[PlyCount "163"]
[EventDate "2004.11.06"]

1. e4 c6 2. d4 d5 3. Nc3 dxe4 4. Nxe4 Nf6 5. Nxf6+ gxf6 6. c3 Qd5 7. Nf3 Bg4 8.
Be2 Na6 9. Qb3 Qxb3 10. axb3 Nc7 11. O-O a6 12. h3 Bh5 13. Re1 e6 14. Bf4 Nd5
15. Bh2 Bh6 16. Ra5 Bg6 17. Nh4 Bc2 18. b4 Bd2 19. Rea1 Rd8 20. Nf3 Bf4 21. Ne1
Be4 22. Nd3 Bxd3 23. Bxd3 f5 24. Re1 Kf8 25. Bxf4 Nxf4 26. Bf1 Rg8 27. g3 Nd5
28. Bg2 Nc7 29. Rae5 Nb5 30. Kh2 Kg7 31. Bf1 Nxd4 32. cxd4 Rxd4 33. b5 axb5 34.
R5e2 Rgd8 35. Bg2 Kf8 36. Bf3 Ke7 37. Kg2 Kd6 38. Re3 Kc5 39. Re5+ Kb4 40. Bh5
R8d7 41. R1e2 c5 42. Kf3 b6 43. g4 fxg4+ 44. hxg4 c4 45. Kg3 R4d5 46. R5e3 Kc5
47. Kh4 h6 48. Rf3 f5 49. Rxe6 fxg4 50. Bxg4 h5 51. Bf5 Rd2 52. b3 cxb3 53.
Ree3 R7d4+ 54. Kxh5 b2 55. Rb3 Rb4 56. Rfc3+ Rc4 57. Re3 Rxf2 58. Re5+ Kd6 59.
Rexb5 Rc5 60. Rxb6+ Ke7 61. Re6+ Kd7 62. Rd3+ Kc7 63. Re7+ Kc6 64. Re6+ Kb5 65.
Rb3+ Kc4 66. Rxb2 Rxb2 67. Kg6 Rg2+ 68. Kf6 Rf2 69. Re4+ Kc3 70. Re5 Rc7 71.
Re3+ Kd2 72. Re6 Rc5 73. Re5 Rc8 74. Ke7 Rb8 75. Bd7 Rh2 76. Rd5+ Ke3 77. Kd6
Rh6+ 78. Kc7 Rf8 79. Rd6 Rh7 80. Re6+ Kf4 81. Kc6 Rff7 82. Rd6 1/2-1/2

[Event "XI Torneo Internazionale"]
[Site "Montecatini Terme ITA"]
[Date "2004.11.11"]
[Round "7"]
[White "De Santis, Alessio"]
[Black "Castaldo, Folco"]
[Result "0-1"]
[WhiteElo "2268"]
[BlackElo "2361"]
[PlyCount "72"]
[EventDate "2004.11.06"]

1. d4 e6 2. c4 f5 3. Nc3 Nf6 4. g3 Be7 5. Bg2 O-O 6. Nf3 d6 7. O-O a5 8. Bg5
Nbd7 9. Qc2 Ng4 10. Bxe7 Qxe7 11. e3 e5 12. Nd5 Qd8 13. h3 Nh6 14. dxe5 dxe5
15. e4 c6 16. Nc3 f4 17. Rad1 Qe7 18. Kh2 g5 19. Qd2 Nf7 20. gxf4 gxf4 21. Rg1
Kh8 22. Na4 Qb4 23. Qc2 Nc5 24. Nxc5 Qxc5 25. Rd2 Be6 26. b3 Rg8 27. Qb2 Rae8
28. a3 Bc8 29. Bf1 Qe7 30. b4 axb4 31. axb4 Ng5 32. Rxg5 Rxg5 33. c5 Rh5 34.
Rd6 Qg7 35. Qd2 Bxh3 36. Bxh3 Rg8 0-1

[Event "XI Torneo Internazionale"]
[Site "Montecatini Terme ITA"]
[Date "2004.11.11"]
[Round "7"]
[White "Kaps, Darja"]
[Black "Sciortino, Massimo"]
[Result "1/2-1/2"]
[WhiteElo "2236"]
[BlackElo "2222"]
[PlyCount "20"]
[EventDate "2004.11.06"]

1. e4 e5 2. Nf3 Nc6 3. Bc4 Nf6 4. d3 Bc5 5. c3 d6 6. b4 Bb6 7. a4 a5 8. b5 Ne7
9. Nbd2 Ng6 10. Nf1 O-O 1/2-1/2

[Event "XI Torneo Internazionale"]
[Site "Montecatini Terme ITA"]
[Date "2004.11.11"]
[Round "7"]
[White "Miladinovic, Igor"]
[Black "Mrdja, Milan"]
[Result "1-0"]
[WhiteElo "2611"]
[BlackElo "2420"]
[PlyCount "71"]
[EventDate "2004.11.06"]

1. d4 e6 2. e4 d5 3. Nc3 Bb4 4. Qg4 Kf8 5. exd5 exd5 6. Qg3 Nc6 7. Bf4 Nf6 8.
Nge2 Ne4 9. Qe3 g5 10. Bg3 f5 11. f4 Kg7 12. O-O-O g4 13. Nxe4 fxe4 14. f5 Bxf5
15. h3 h5 16. hxg4 Bxg4 17. Nf4 Bd6 18. Be2 Bxf4 19. Bxf4 Bxe2 20. Qxe2 Qf6 21.
Be3 Qg6 22. Rh4 Raf8 23. Rdh1 Ne7 24. Rxh5 Nf5 25. Bf4 Rxh5 26. Rxh5 Kf7 27. g4
Nxd4 28. Qd1 Ne6 29. Qxd5 Rd8 30. Rf5+ Ke7 31. Qe5 Rf8 32. Bg5+ Ke8 33. Qb5+ c6
34. Qxb7 Qxg5+ 35. Rxg5 Nxg5 36. Qb8+ 1-0

[Event "XI Torneo Internazionale"]
[Site "Montecatini Terme ITA"]
[Date "2004.11.11"]
[Round "7"]
[White "Tocchioni, Doriano"]
[Black "Di Caro, Calogero"]
[Result "0-1"]
[WhiteElo "2274"]
[BlackElo "2317"]
[PlyCount "80"]
[EventDate "2004.11.06"]

1. d4 d6 2. Nf3 Bg4 3. Bg5 Nd7 4. Nbd2 h6 5. Bh4 g5 6. Bg3 Bg7 7. c3 e6 8. h3
Bh5 9. Qb3 Rb8 10. e3 Qe7 11. Bd3 f5 12. Qa3 Ngf6 13. Qxa7 O-O 14. Qa3 Bg6 15.
Be2 Qe8 16. Qb3 Kh8 17. a4 e5 18. Bh2 f4 19. exf4 exf4 20. Qd1 Bd3 21. Nb3 Bxe2
22. Qxe2 Qf7 23. Qc2 Rfe8+ 24. Kd1 Ne4 25. Ra3 Nb6 26. Nc1 c5 27. Re1 Qf5 28.
Nd3 Nc4 29. Rb3 Nxf2+ 30. Qxf2 Qxd3+ 31. Kc1 Ne3 32. dxc5 dxc5 33. Qe2 Qd5 34.
Rb5 Qa2 35. Nd2 Bxc3 36. Qh5 Bxd2+ 37. Kxd2 Rbd8+ 38. Ke2 Nf5+ 39. Kf1 Qc4+ 40.
Re2 Rd1+ 0-1

[Event "XI Torneo Internazionale"]
[Site "Montecatini Terme ITA"]
[Date "2004.11.11"]
[Round "8"]
[White "Bontempi, Piero"]
[Black "De Santis, Alessio"]
[Result "1-0"]
[WhiteElo "2334"]
[BlackElo "2268"]
[PlyCount "69"]
[EventDate "2004.11.06"]

1. e4 c5 2. c3 Qa5 3. Na3 e6 4. Nc4 Qc7 5. e5 b5 6. Nd6+ Bxd6 7. exd6 Qxd6 8.
Bxb5 Bb7 9. Nf3 Nc6 10. O-O Nf6 11. b3 Ng4 12. Re1 a6 13. Be2 h5 14. d4 cxd4
15. cxd4 Ne7 16. h3 Nf6 17. Ne5 Nf5 18. Nc4 Qb8 19. Ba3 d5 20. Ne5 Nd7 21. Bxh5
Nxe5 22. Rxe5 g6 23. Bg4 Kd7 24. Qd2 Bc6 25. Rae1 Qb6 26. Qf4 Qb8 27. Qd2 Qb6
28. Bc5 Qb8 29. R1e2 Qd8 30. Bxf5 gxf5 31. Qf4 Qc7 32. Qg5 Rag8 33. Qf6 Ke8 34.
Ba3 Rxh3 35. Rxe6+ 1-0